书目信息 |
| 题名: |
环境会计理论与实务研究
|
|
| 作者: | 肖序 课题主持 | |
| 分册: | ||
| 出版信息: | 大连 东北财经大学出版社 2007.05 |
|
| 页数: | 136页 | |
| 开本: | 24cm | |
| 丛书名: | 财政部重点会计科研课题系列丛书 | |
| 单 册: | ||
| 中图分类: | F275.2 | |
| 科图分类: | ||
| 主题词: | 企业--qi ye--环境管理--会计--研究 | |
| 电子资源: | ||
| ISBN: | 978-7-81122-032-2 | |
| 000 | 01148nam 2200277 450 | |
| 001 | 012008575369 | |
| 005 | 20080429144300.03 | |
| 010 | @a978-7-81122-032-2@dCNY22.00 | |
| 100 | @a20080428d2007 em y0chiy0120 ea | |
| 101 | 0 | @achi |
| 102 | @aCN@b210000 | |
| 105 | @aak a 000yy | |
| 106 | @ar | |
| 200 | 1 | @a环境会计理论与实务研究@Ahuan jing kuai ji li lun yu shi wu yan jiu@d= Research on environmental accounting theory and practice@f肖序课题主持人@Fxiao xu ke ti zhu chi ren@zeng |
| 210 | @a大连@c东北财经大学出版社@d2007.05 | |
| 215 | @a136页@c图@d24cm | |
| 225 | 2 | @a财政部重点会计科研课题系列丛书@Acai zheng bu zhong dian kuai ji ke yan ke ti xi lie cong shu@e(2006) |
| 320 | @a有书目 | |
| 330 | @a本书共分8章,内容包括:环境会计理论的基本框架、环境成本的核算、环境负债的核算、环境资产的核算、环境会计帐户体系设置等。 | |
| 410 | 0 | @12001 @a财政部重点会计科研课题系列丛书 |
| 510 | 1 | @aResearch on environmental accounting theory and practice@zeng |
| 606 | 0 | @a企业@Aqi ye@x环境管理@x会计@x研究 |
| 690 | @aF275.2@v4 | |
| 701 | 0 | @a肖序@Axiao xu@4课题主持 |
| 801 | 0 | @aCN@bQSSK@c20080429 |
| 905 | @b298035-37@dF275.2@eX296@f3 | |
| 环境会计理论与实务研究= Research on environmental accounting theory and practice/肖序课题主持人.-大连:东北财经大学出版社,2007.05 |
| 136页:图;24cm.-(财政部重点会计科研课题系列丛书:(2006)) |
| ISBN 978-7-81122-032-2:CNY22.00 |
| 本书共分8章,内容包括:环境会计理论的基本框架、环境成本的核算、环境负债的核算、环境资产的核算、环境会计帐户体系设置等。 |
| ● |
| 相关链接 |
|
|
|
正题名:环境会计理论与实务研究
索取号:F275.2/X296
 
预约/预借
| 序号 | 登录号 | 条形码 | 馆藏地/架位号 | 状态 | 备注 |
| 1 | 298035 | 202980355 | 社科库409/409社科库 95排3列1层/ [索取号:F275.2/X296] | 在馆 | |
| 2 | 298036 | 202980364 | 社科库409/409社科库 95排3列1层/ [索取号:F275.2/X296] | 在馆 | |
| 3 | 298037 | 202980373 | 社科库409/409社科库 95排3列1层/ [索取号:F275.2/X296] | 在馆 |